000 00468nam a2200193 4500
005 20150330150854.0
007 000
008 000
020 _a0333225937
040 _aUOEL
050 _aQC30
_b.B57
100 _aBishop, O. N.
245 _aPhysics :
_ba practical approach /
_cO. N. Bishop
260 _aLondon ;
_bMacmillan Education ,
300 _avii, 407 p. :
_bill.
500 _aIncludes index
650 _aPhysics - practical
_xPhysics
942 _2lcc
_cLL
999 _c3427
_d3427